01118nam a2200193Ia 4500001001100000003001000011008004100021040002500062041001300087100002700100245005300127250001100180260008500191300002700276500024200303501011400545520024200659650002300901L248-14968IT-CnALBA170116s9999||||xx |||||||||||||| ||und|| aIT-CnALBAcIT-CnALBA aITALIANO aBETTAN P. GIORGIO, SJ. 0aSAI PREGARE? - VADEMECUM DELL'INCONTRO CON DIO.  a1a ed. a MILANO BOLOGNAbANCORA EDITRICE c1966 [1° Ed.:1966 - Ed.Ling.Originale: 1966] a272 p. (prefazione: 5) aPREGHIERA E VITA. PREGHIERA E SACRAMENTI. EFFICACIA. VALORE. SPERANZA. MEDITAZIONE. ORAZIONE MENTALE. CONTEMPLAZIONE. S. IGNAZIO DI LOYOLA. DISTRAZIONI. ARIDITÀ. PREGHIERA AFFETTIVA. PREGHIERA LITURGICA. PREGHIERA, RIPOSO RISTORATORE.  aSocietà San Paolo EM - Piazza San Paolo, 14 - 12051 ALBA (CN) (non commercial uses only) ® Copyright 2017 aPREGHIERA E VITA. PREGHIERA E SACRAMENTI. EFFICACIA. VALORE. SPERANZA. MEDITAZIONE. ORAZIONE MENTALE. CONTEMPLAZIONE. S. IGNAZIO DI LOYOLA. DISTRAZIONI. ARIDITÀ. PREGHIERA AFFETTIVA. PREGHIERA LITURGICA. PREGHIERA, RIPOSO RISTORATORE.  aASCETICA E MISTICA